| 000 | 00677nam0a22002291 4500 | ||
|---|---|---|---|
| 001 | rc\3790575 | ||
| 005 | 20250530051705.0 | ||
| 035 | _a(NLR Aleph) 007240770 | ||
| 090 |
_a7755973 _c7755973 |
||
| 100 | _a20120311d1975 |||y0rusy50 ca | ||
| 101 | 0 | _arus | |
| 102 | _aRU | ||
| 105 | _ay z ||||| | ||
| 200 | 1 |
_aЧто читать оленеводу _eРек. список лит. _fКоряк. окр. б-ка _g[Сост. Косыгина Ф.] |
|
| 210 |
_aп. Палана _cБ. и. _d1975 |
||
| 215 |
_a5 с. _d14 |
||
| 702 | 1 |
_aКосыгина _bФ. _4220 |
|
| 801 | 0 |
_aRU _bNLR _gpsbo |
|
| 801 | 1 |
_aRU _bELAR _2rusmarc |
|
| 852 |
_aNLR _jС К-1/6053 |
||
| 942 | _cBOOK | ||
| 980 | _aNB | ||